Statistics for Jeopardy #8549

Click here to take the quiz!

General Stats

  • This quiz has been taken 25 times
  • The average score is 13 of 61

Answer Stats

CategoryCashClueAnswer% Correct
FLY BY NIGHT$200Who wants to try their luck as we fly over this city's StripLas Vegas
100%
FLY BY NIGHT$1000Here are the lights of this largest Chinese city, about 700 miles from BeijingShanghai
79%
JOB DESCRIPTION$200Catwalking; being "elite" like Cindy, Christy & Naomi; not getting out of bed for less than $10,000 a daysupermodel
79%
JOB DESCRIPTION$600Fluency in Latin & Italian, a must; you own nothing yet also have your own hospital & bank; only about 260 have had the gigthe pope
79%
MOVIES BY QUOTE$2001986: "I feel the need, the need for speed"Top Gun
71%
ANNIVERSARIES$200In Salzburg on January 27, 2006, church bells rang to celebrate the 250th birthday of this composerMozart
64%
MOVIES BY QUOTE$4002013:"Look at me. Look at me. I'm the captain now"Captain Phillips
57%
"MAL" PRACTICE$400An "attack" using this disrupts normal functioning of a computer via Trojans & virusesmalware
57%
"MAL" PRACTICE$200A hammering tool, or an item used to play a vibraphonea mallet
50%
IT'LL BE MY TWEET$200At exactly 3 a.m. London time on October 28, 2021, an unofficial account of this landmark let us know, "bong bong bong"Big Ben
43%
"MAL" PRACTICE$800The American Kennel Club says this working dog breed is "affectionate, loyal, playful"; the Alaskan type is super-cute, tooMalamute
43%
FLY BY NIGHT$600Batter up at this ballpark; notice the Gateway Arch to the rightBusch Stadium
36%
IT'LL BE MY TWEET$600This TV chef asked, "Am I really that mean????"; he constantly hurls F-bombs & called a kitchen staffer a "French pig", so yesGordon Ramsay
36%
MOVIES BY QUOTE$8001993: "if the Pirates of the Caribbean breaks down, the pirates don't eat the tourists"Jurassic Park
36%
ANNIVERSARIES$600"Les Demoiselles d'Avignon" was part of MoMA's 75th anniversary exhibition devoted to this artistPicasso
36%
MOVIES BY QUOTE$6001993: "It's like that movie... 'An Affair to Remember'... she's gonna meet him at the top of the Empire State Building"Sleepless in Seattle
36%
JOB DESCRIPTION$400Enjoyment growing by leaps & bounds; jeté battu pas marché, tricks of the trade; a specific terpsichoreana ballerina
21%
JOB DESCRIPTION$800By law, can't be a U.S. senator; only needed quadrennially; "faithless"? Can be fined or firedan elector
21%
TV SCIENCE$400On this series, Walter & Jesse plan to make ricin out of castor beans to poison the troublesome TucoBreaking Bad
21%
PSYCHOLOGICAL TERMS$400An infant might exhibit this type of "anxiety" when taken away from someone to whom they have a strong attachmentseparation
21%
PSYCHOLOGICAL TERMS$1600Many speculate that Belle in "Beauty and the Beast" has this syndrome identified in the 1970s; Emma Watson weighed in to disagreeStockholm Syndrome
21%
TV SCIENCE$800The Cooper-Hofstadter paper about space-time & superfluidity was co-authored by characters on this CBS showThe Big Bang Theory
21%
ANNIVERSARIES$400On Oct. 9, 1992 Disneyland hosted 1,000 fifth graders to celebrate the 100th anniversary of these words they say each morningthe Pledge of Allegiance
21%
JOB DESCRIPTION$1000Take in 4,500 years of history; 12 basic meridians & qi are key; get to the multiple points & max around 0.4 inches deepan acupuncturist
14%
IT'LL BE MY TWEET$800This billionaire of the virgin empire attached an article on "How My Dyslexia Has Been a Great Benefit to Me in Business"Branson
14%
ANNIVERSARIES$1000At 2:46 p.m. on March 11, 2021, a moment of silence marked the 10th anniversary of this Japanese disasterFukushima
14%
PSYCHOLOGICAL TERMS$1200The DSM-5 psychiatry text defines it as "persistent difficulty discarding or parting with possessions"hoarding
14%
THE MISSOURI COMPROMISE$400Missouri was admitted to the Union as a slave state & this New England state as a non-slave additionMaine
14%
"MAL" PRACTICE$600I saw the hot-water bottle on the thermometer! You're not sick, you're doing this, pretending to bemalingering
14%
"MAL" PRACTICE$1000Stunting & wasting are 2 types of this worldwide problemmalnutrition
14%
FLY BY NIGHT$400Commissioned in 1806 following a great victory, it's this famous landmark by nightthe Arc de Triomphe
14%
RELIGION$1600As holder of this post, Reverend Justin Welby is the spiritual leader of the 85 million members of the Anglican CommunionArchbishop of Canterbury
7%
ALSO A COOKING VERB$400Humorous insults are the order of the day at one of these ceremonial tributesa roast
7%
ALSO A COOKING VERB$2000In Exodus, a plague afflicting the Egyptiansboil
7%
ALSO A COOKING VERB$1200Dental accessory popularized by hip-hop starsgrill
7%
LITERARY CHARACTERS$1600Thomas Hardy's last 2 major novels both have title characters, Tess of the d'Urbervilles & this manJude the Obscure
7%
IT'LL BE MY TWEET$1000This scientist: "In my NCAA wrestling days I dreamt of a hold I called the 'double tidal lock' inspired by Earth-Moon physics"Neil deGrasse Tyson
7%
PSYCHOLOGICAL TERMS$800Submissive & pugnacious are synonyms for the 2 words in this type of behavior; fine. Whateverpassive-aggressive
7%
ALSO A COOKING VERB$800To fish or hunt for game illegallypoach
7%
TV SCIENCE$2000Dean Stockwell played the observer who helps physicist Sam Beckett adjust to various time periods on this 1990s showQuantum Leap
7%
ALSO A COOKING VERB$1600To mix a transmitted radio signal so that only the intended recipient can translate itscramble
7%
LITERARY CHARACTERS$400This character known for its grin tells Alice that everyone in Wonderland is madthe Cheshire Cat
7%
MOVIES BY QUOTE$10002008: "I know who I am! I'm a dude, playing a dude, disguised as another dude!"Tropic Thunder
7%
TV SCIENCE$1600"NCIS: New Orleans" finds CCH Pounder playing Dr. Loretta Wade, this 7-letter official who gets clues from the deceaseda coroner
0%
LITERARY CHARACTERS$1200"God forgive me everything!" are her last words before the train runs her overAnna Karenina
0%
LITERARY CHARACTERS$2000This main character of "Native Son" by Richard Wright ends up in prison for committing 2 murdersBigger Thomas
0%
RELIGION$800Just as Catholics debate this practice of its priests, in Thailand there's debate about it (brahmacharya) for Buddhist monkschastity
0%
PSYCHOLOGICAL TERMS$2000In the operant kind of this learning process, desired behavior is rewarded; respond correctly & you'll get $2,000conditioning
0%
IT'LL BE MY TWEET$400It me, this Philadelphia Flyers mascot who noted, "Not all heroes wear pants"Gritty
0%
THE MISSOURI COMPROMISE$800The procedural wizardry of this longtime congressman from Kentucky got the compromise passed(Henry) Clay
0%
THE MISSOURI COMPROMISE$1200The 1820 compromise allowed slavery only south of a line of this; it still forms state boundaries & there's a marker on it in Enid, Oklahomalatitude
0%
LITERARY CHARACTERS$800The 2021 novel "Nick" by Michael Farris Smith tells of this Nick before his time as the narrator of "The Great Gatsby"Nick Carraway
0%
TV SCIENCE$1200In 2008 this "Science Kid" began teaching preschoolers about pulleys & inertia, among other topicsSid
0%
FLY BY NIGHT$800Let's go back in time as we take a little flyby of this famous hillthe Acropolis
0%
ANNIVERSARIES$800In January 2015 1,500 military re-enactors marked the bicentennial of this battle at Chalmette Battlefieldthe Battle of New Orleans
0%
RELIGION$400In 2018 the Mormon or LDS Church announced a course correction to stress this full name that mentions the saviorthe Church of Jesus Christ of Latter-day Saints
0%
THE MISSOURI COMPROMISE$1600Many anti-Missouri men had been active in this faded party & were accused by opponents of using the issue to make a comebackthe Federalists
0%
THE MISSOURI COMPROMISE$2000The compromise was repealed in 1854 by this act with a hyphenated 2-state name, spurring Abe Lincoln's return to politicsthe Kansas-Nebraska Act
0%
RELIGION$2000In 2018 members of this Christian group released a very quiet podcast of a silent meeting of worshipthe Quakers
0%
RELIGION$1200The Karaite sect of Judaism rejects talmudic doctrine, relying on this set of 5 books for guidancethe Torah
0%
HISTORIC BUILDINGN/ABegun in the 1070s with stone from Caen, it was meant to dominate both a skyline & the hearts & minds of a conquered populacethe Tower of London
0%

Score Distribution

Percentile by Number Answered

Percent of People with Each Score

Your Score History

You have not taken this quiz